Aplicación de costos en PYMES / (Registro nro. 30800)
[ vista simple ]
| 000 -LEADER | |
|---|---|
| fixed length control field | 01404cam a2200373 i 4500 |
| 001 - CONTROL NUMBER | |
| control field | 30800 |
| 003 - CONTROL NUMBER IDENTIFIER | |
| control field | Mx-PuUPA |
| 005 - DATE AND TIME OF LATEST TRANSACTION | |
| control field | 20250508141346.0 |
| 008 - FIXED-LENGTH DATA ELEMENTS--GENERAL INFORMATION | |
| fixed length control field | 140415s2010 mx # gr 000 0 spa d |
| 020 ## - INTERNATIONAL STANDARD BOOK NUMBER | |
| International Standard Book Number | 9786077698296 |
| 020 ## - INTERNATIONAL STANDARD BOOK NUMBER | |
| International Standard Book Number | 9789686977172 |
| 040 ## - CATALOGING SOURCE | |
| Transcribing agency | mx |
| Original cataloging agency | Mx-PuUPA |
| Language of cataloging | spa |
| Modifying agency | Mx-PuUPA |
| Description conventions | rda |
| 041 0# - LANGUAGE CODE | |
| Language code of text/sound track or separate title | spa |
| 100 1# - MAIN ENTRY--PERSONAL NAME | |
| Personal name | Mitre Camacho, Sofía |
| 9 (RLIN) | 16947 |
| Relator term | autor |
| 245 10 - TITLE STATEMENT | |
| Title | Aplicación de costos en PYMES / |
| Statement of responsibility, etc. | Sofía Mitre Camacho, Virginia Castro López, Juan Sánchez Osorio |
| 246 14 - VARYING FORM OF TITLE | |
| Title proper/short title | La aplicación de costos en PYMES. |
| 250 ## - EDITION STATEMENT | |
| Edition statement | 1a edición / |
| Remainder of edition statement | junio |
| 264 #1 - PRODUCTION, PUBLICATION, DISTRIBUTION, MANUFACTURE, AND COPYRIGHT NOTICE | |
| Place of production, publication, distribution, manufacture | Tlaxcala, Tlaxcala : |
| Name of producer, publisher, distributor, manufacturer | Universidad Autónoma de Tlaxcala, |
| Date of production, publication, distribution, manufacture, or copyright notice | ©2010 |
| 300 ## - PHYSICAL DESCRIPTION | |
| Extent | 157 páginas : |
| Other physical details | hojas de cálculo, tablas ; |
| Dimensions | 23 cm |
| 336 ## - CONTENT TYPE | |
| Fuente | rdacontent |
| Content type term | texto |
| Content type code | txt |
| 337 ## - MEDIA TYPE | |
| Source | rdamedia |
| Media type term | sin medio |
| Media type code | n |
| 338 ## - CARRIER TYPE | |
| Source | rdacarrier |
| Carrier type term | volumen |
| Carrier type code | nc |
| 490 0# - SERIES STATEMENT | |
| Series statement | Colección Capacitación para la empresa |
| 490 0# - SERIES STATEMENT | |
| Series statement | Libros en preparación |
| 650 #7 - SUBJECT ADDED ENTRY--TOPICAL TERM | |
| Source of heading or term | armarc |
| Topical term or geographic name entry element | Negocios en pequeño |
| 9 (RLIN) | 13986 |
| 650 #7 - SUBJECT ADDED ENTRY--TOPICAL TERM | |
| Source of heading or term | armarc |
| Topical term or geographic name entry element | Pequeñas y medianas empresas |
| General subdivision | Admnistración |
| 650 #7 - SUBJECT ADDED ENTRY--TOPICAL TERM | |
| Source of heading or term | armarc |
| Topical term or geographic name entry element | Pequeñas y medianas empresas |
| General subdivision | Costos |
| 700 1# - ADDED ENTRY--PERSONAL NAME | |
| Personal name | Castro López, Virginia, |
| Relator term | autor |
| 700 1# - ADDED ENTRY--PERSONAL NAME | |
| Personal name | Sánchez Osorio, Juan, |
| Relator term | autor |
| 942 ## - ADDED ENTRY ELEMENTS (KOHA) | |
| Source of classification or shelving scheme | Dewey Decimal Classification |
| Koha item type | Libro |
| Classification part | 658.1552 |
| Item part | M67 |
| Withdrawn status | Lost status | Source of classification or shelving scheme | Damaged status | Not for loan | Collection code | Home library | Current library | Shelving location | Date acquired | Source of acquisition | Total Checkouts | Full call number | Barcode | Date last seen | Price effective from | Koha item type |
|---|---|---|---|---|---|---|---|---|---|---|---|---|---|---|---|---|
| Dewey Decimal Classification | General | Biblioteca Karol Wojtyla | Biblioteca Karol Wojtyla | Sala general | 03/12/2013 | Donación | 658.1552 M67 2010 | 46278 | 05/01/2026 | 03/12/2013 | Libro |